000
00299nam a22001337a 4500
008
170208b xxu||||| |||| 00| 0 eng d
020
_a
9780618528288
041
_a
eng
080
_2
8TH
_a
61
100
_a
4
101
_a
SHM
245
_a
UNDERSTANDING ABNORMAL BEHAVIOUR
_c
SUE, D
942
_2
udc
_c
BK
999
_c
4939
_d
4939